000 00885nas a2200277.c 4500
001 53664
003 ES-MaCES
005 20250409132113.0
007 cr |||||||||||
008 250409c1983 xxuqr|p||t||| 0|||||eng d
022 _a0734-306X
022 _a1537-5307 (ISSNe)
040 _aES-MaCES
_bspa
_cES-MaCES
245 0 0 _aJournal of labor economics
_cUniversity of Chicago
_hRecurso electrónico
260 _aChicago
_bUniversity Press, Economics Research Center
_c1983-
300 _a v.
310 _aTrimestral
_b1983-
362 _aVol. 1, n. 1 (1983)-
541 _cGratuito
650 4 _929346
_aeconomía del trabajo
653 1 0 _aEconomía
710 2 _95432
_aUniversity of Chicago
856 4 1 _uhttps://www.journals.uchicago.edu/loi/jole
_ytexto completo desde vol. 1, n. 1 (1983)
_zAcceso desde la IP del CES
942 _2CES
_cCR
_h0.0.
999 _c53664
_d53664